Color in your home / (Record no. 3159)

MARC details
000 -LEADER
fixed length control field 00882nac a22002531i 4500
003 - CONTROL NUMBER IDENTIFIER
control field EG-ScBUE
005 - DATE AND TIME OF LATEST TRANSACTION
control field 20260106094223.0
008 - FIXED-LENGTH DATA ELEMENTS--GENERAL INFORMATION
fixed length control field 130117s2003 nyua f 000 0 eng d
020 ## - INTERNATIONAL STANDARD BOOK NUMBER
International Standard Book Number 0060536101
020 ## - INTERNATIONAL STANDARD BOOK NUMBER
International Standard Book Number 9780060536107
040 ## - CATALOGING SOURCE
Original cataloging agency EG-ScBUE
Language of cataloging eng
Description conventions rda
Transcribing agency EG-ScBUE
Modifying agency EG-ScBUE
082 04 - DEWEY DECIMAL CLASSIFICATION NUMBER
Classification number 747.94
Item number COL
Edition number 22
245 00 - TITLE STATEMENT
Title Color in your home /
Statement of responsibility, etc edited by Marta Feduchi ; photography by Jordi Sarra.
264 #1 - PUBLICATION, DISTRIBUTION, ETC. (IMPRINT)
Place of publication, distribution, etc New York, NY :
Name of publisher, distributor, etc Harper Design International,
Date of publication, distribution, etc 2003.
300 ## - PHYSICAL DESCRIPTION
Extent 329 pages :
Other physical details illustrations (chiefly color) ;
Dimensions 24 cm
336 ## - CONTENT TYPE
Source rdacontent
Content type term text
Content type code txt
337 ## - MEDIA TYPE
Source rdamedia
Media type term unmediated
Media type code n
338 ## - CARRIER TYPE
Source rdacarrier
Carrier type term volume
Carrier type code nc
650 #7 - SUBJECT ADDED ENTRY--TOPICAL TERM
Topical term or geographic name as entry element Color in interior decoration
Form subdivision Pictorial works.
Source of heading or term BUEsh
9 (RLIN) 31884
655 ## - INDEX TERM--GENRE/FORM
Form subdivision Reading book
700 1# - ADDED ENTRY--PERSONAL NAME
Personal name Feduchi, Marta,
Relator term editor.
9 (RLIN) 31885
700 1# - ADDED ENTRY--PERSONAL NAME
Personal name Sarrai, Jordi,
Relator term photographer.
9 (RLIN) 31886
942 ## - ADDED ENTRY ELEMENTS (KOHA)
Koha item type Book - Borrowing
Source of classification or shelving scheme Dewey Decimal Classification
Holdings
Withdrawn status Lost status Source of classification or shelving scheme Damaged status Not for loan Collection code Home library Current library Shelving location Date acquired Source of acquisition Total Checkouts Total Renewals Full call number Barcode Date last seen Date checked out Koha item type
    Dewey Decimal Classification     Baccah Central Library Central Library Second Floor 25/03/2007 Purchase 4 8 747.94 COL 000001453 18/08/2021 18/12/2013 Book - Borrowing